<?xml version="1.0" encoding="UTF-8"?>
<record
    xmlns:xsi="http://www.w3.org/2001/XMLSchema-instance"
    xsi:schemaLocation="http://www.loc.gov/MARC21/slim http://www.loc.gov/standards/marcxml/schema/MARC21slim.xsd"
    xmlns="http://www.loc.gov/MARC21/slim">

  <leader>00650nam a22002171a 4500</leader>
  <controlfield tag="003">NEGST</controlfield>
  <controlfield tag="005">20170512020002.0</controlfield>
  <controlfield tag="008">030627s        cou           001 0 eng d</controlfield>
  <datafield tag="020" ind1=" " ind2=" ">
    <subfield code="a">0781452562</subfield>
  </datafield>
  <datafield tag="100" ind1="1" ind2=" ">
    <subfield code="a">LeFever, Marlene D.</subfield>
  </datafield>
  <datafield tag="245" ind1="1" ind2="0">
    <subfield code="a">Creative teaching methods /</subfield>
    <subfield code="c">Marlene D. LeFever.</subfield>
  </datafield>
  <datafield tag="260" ind1=" " ind2=" ">
    <subfield code="a">Colorado Springs, CO :</subfield>
    <subfield code="b">Cook Ministry Resources,</subfield>
    <subfield code="c">c1985, 1996.</subfield>
  </datafield>
  <datafield tag="300" ind1=" " ind2=" ">
    <subfield code="a">305 p.</subfield>
  </datafield>
  <datafield tag="500" ind1=" " ind2=" ">
    <subfield code="a">Includes bibliographical references.</subfield>
  </datafield>
  <datafield tag="590" ind1=" " ind2=" ">
    <subfield code="a">Accession number: 22412</subfield>
  </datafield>
  <datafield tag="600" ind1="1" ind2="0">
    <subfield code="a">Christian education</subfield>
    <subfield code="x">Teaching methods.</subfield>
  </datafield>
  <datafield tag="650" ind1=" " ind2="0">
    <subfield code="a">Christian education.</subfield>
  </datafield>
  <datafield tag="650" ind1=" " ind2="0">
    <subfield code="a">Teaching</subfield>
    <subfield code="x">Methodology.</subfield>
  </datafield>
  <datafield tag="942" ind1="0" ind2="0">
    <subfield code="0">49</subfield>
  </datafield>
  <datafield tag="999" ind1=" " ind2=" ">
    <subfield code="c">26893</subfield>
    <subfield code="d">26893</subfield>
  </datafield>
  <datafield tag="952" ind1=" " ind2=" ">
    <subfield code="0">0</subfield>
    <subfield code="1">0</subfield>
    <subfield code="2">lcc</subfield>
    <subfield code="4">0</subfield>
    <subfield code="7">0</subfield>
    <subfield code="8">GEN</subfield>
    <subfield code="a">CPL</subfield>
    <subfield code="b">CPL</subfield>
    <subfield code="c">GEN</subfield>
    <subfield code="d">2010-01-06</subfield>
    <subfield code="g">30.00</subfield>
    <subfield code="l">15</subfield>
    <subfield code="m">1</subfield>
    <subfield code="o">BV 1534.L435 1985</subfield>
    <subfield code="p">R05129F3232</subfield>
    <subfield code="r">2019-09-26 00:00:00</subfield>
    <subfield code="s">2017-04-26</subfield>
    <subfield code="t">1</subfield>
    <subfield code="w">2010-01-06</subfield>
    <subfield code="y">BK</subfield>
  </datafield>
  <datafield tag="952" ind1=" " ind2=" ">
    <subfield code="0">0</subfield>
    <subfield code="1">0</subfield>
    <subfield code="2">lcc</subfield>
    <subfield code="4">0</subfield>
    <subfield code="7">0</subfield>
    <subfield code="8">GEN</subfield>
    <subfield code="a">CPL</subfield>
    <subfield code="b">CPL</subfield>
    <subfield code="c">GEN</subfield>
    <subfield code="d">2010-01-06</subfield>
    <subfield code="e">Donation</subfield>
    <subfield code="g">30.00</subfield>
    <subfield code="l">18</subfield>
    <subfield code="m">1</subfield>
    <subfield code="o">BV 1534.L435 1985</subfield>
    <subfield code="p">R48779L3232</subfield>
    <subfield code="r">2023-01-24 00:00:00</subfield>
    <subfield code="s">2023-01-19</subfield>
    <subfield code="t">2</subfield>
    <subfield code="w">2010-01-06</subfield>
    <subfield code="y">BK</subfield>
  </datafield>
  <datafield tag="952" ind1=" " ind2=" ">
    <subfield code="0">0</subfield>
    <subfield code="1">0</subfield>
    <subfield code="2">lcc</subfield>
    <subfield code="4">0</subfield>
    <subfield code="7">0</subfield>
    <subfield code="8">GEN</subfield>
    <subfield code="a">CPL</subfield>
    <subfield code="b">CPL</subfield>
    <subfield code="c">GEN</subfield>
    <subfield code="d">2010-01-06</subfield>
    <subfield code="e">Amazon .com</subfield>
    <subfield code="g">13.59</subfield>
    <subfield code="l">36</subfield>
    <subfield code="m">12</subfield>
    <subfield code="o">BV 1534.L435 1985</subfield>
    <subfield code="p">R49278X3232</subfield>
    <subfield code="r">2022-03-14 00:00:00</subfield>
    <subfield code="s">2022-02-10</subfield>
    <subfield code="t">3</subfield>
    <subfield code="w">2010-01-06</subfield>
    <subfield code="y">BK</subfield>
  </datafield>
  <datafield tag="952" ind1=" " ind2=" ">
    <subfield code="0">0</subfield>
    <subfield code="1">0</subfield>
    <subfield code="2">lcc</subfield>
    <subfield code="4">0</subfield>
    <subfield code="7">0</subfield>
    <subfield code="8">Textbook</subfield>
    <subfield code="a">CPL</subfield>
    <subfield code="b">CPL</subfield>
    <subfield code="c">PROC</subfield>
    <subfield code="d">2024-09-04</subfield>
    <subfield code="e">Donation - Mary Wamae</subfield>
    <subfield code="g">25.00</subfield>
    <subfield code="l">0</subfield>
    <subfield code="o">BV 1534.L435 1985</subfield>
    <subfield code="p">T17246W3232</subfield>
    <subfield code="r">2024-11-25 10:29:04</subfield>
    <subfield code="t">4</subfield>
    <subfield code="w">2024-11-25</subfield>
    <subfield code="y">TXT (G)</subfield>
  </datafield>
</record>
